| 000 | 01136cam a22002895a 4500 | ||
|---|---|---|---|
| 001 | 18134268 | ||
| 005 | 20161106154617.0 | ||
| 008 | 140430s2014 stka b 001 0 eng d | ||
| 020 | _a9780748647613 | ||
| 020 | _a0748647619 | ||
| 040 |
_aUKMGB _beng _cUKMGB _dOCLCO _dBTCTA _dYDXCP _dBDX _dCDX _dMEAUC _dLTSCA _dNLE _dLOA _dDLC _dEG-ScBUE |
||
| 082 | 0 | 4 |
_a332.1091767 _222 _bISL |
| 245 | 0 | 0 |
_aIslamic banking and financial crisis : _breputation, stability and risks / _cedited by Habib Ahmed, Mehmet Asutay and Rodney Wilson. |
| 260 |
_aEdinburgh : _bEdinburgh University Press, _cc.2014. |
||
| 300 |
_axii, 244 p. : _bill. ; _c24 cm. |
||
| 500 | _aIndex : p. [234]-244. | ||
| 504 | _aIncludes bibliographical references. | ||
| 650 | 7 |
_aBanks and banking _xReligious aspects _xIslam. _2BUEsh _932829 |
|
| 650 | 7 |
_aFinancial crises _zIslamic countries. _2BUEsh |
|
| 650 | 7 |
_aFinancial services industry _xRisk management _zIslamic countries. _2BUEsh |
|
| 651 | _2BUEsh | ||
| 653 |
_bBUSADM _cNovember2016 |
||
| 700 | 1 |
_aAhmed, Habib, _eeditor. |
|
| 700 | 1 |
_aAsutay, Mehmet, _eeditor. |
|
| 700 | 1 |
_aWilson, Rodney, _eeditor. _938534 |
|
| 942 | _2ddc | ||
| 999 |
_c23037 _d23009 |
||